The archive of a ugandan missionary : (Record no. 58866)
[ view plain ]
| 000 -LEADER | |
|---|---|
| fixed length control field | 00757nam a22001817a 4500 |
| 008 - FIXED-LENGTH DATA ELEMENTS--GENERAL INFORMATION | |
| fixed length control field | 231130b ||||| |||| 00| 0 eng d |
| 020 ## - INTERNATIONAL STANDARD BOOK NUMBER | |
| International Standard Book Number | 9780197267233 |
| 050 ## - LIBRARY OF CONGRESS CALL NUMBER | |
| Classification number | BR1443.U33 |
| Item number | A73 2022 |
| 245 ## - TITLE STATEMENT | |
| Title | The archive of a ugandan missionary : |
| Remainder of title | writings by and about revd apolo kivebulaya (1890s-1950s) / |
| Statement of responsibility, etc | edited and translated by Emma Wild-Wood with George Mpanga.Wild-Wood, Emma, editor, translator. |
| 260 ## - PUBLICATION, DISTRIBUTION, ETC. (IMPRINT) | |
| Place of publication, distribution, etc | Oxford : |
| Name of publisher, distributor, etc | Oxford University Press |
| Date of publication, distribution, etc | 2022 |
| 300 ## - PHYSICAL DESCRIPTION | |
| Extent | xl, 258 p. : |
| Other physical details | ill. ; maps ; |
| Dimensions | 24 cm. |
| 500 ## - GENERAL NOTE | |
| General note | Includes bibliographical references (pages 247-251) and index. |
| 650 ## - SUBJECT ADDED ENTRY--TOPICAL TERM | |
| Topical term or geographic name as entry element | Uganda |
| General subdivision | Church history. |
| 650 ## - SUBJECT ADDED ENTRY--TOPICAL TERM | |
| Topical term or geographic name as entry element | Kivebulaya, Apolo, 1864?-1933. |
| 700 ## - ADDED ENTRY--PERSONAL NAME | |
| Personal name | Wild-Wood, Emma, |
| 700 ## - ADDED ENTRY--PERSONAL NAME | |
| Personal name | Mpanga, George, |
| 942 ## - ADDED ENTRY ELEMENTS (KOHA) | |
| Source of classification or shelving scheme | Library of Congress Classification |
| Item type | Book |
| Withdrawn status | Lost status | Source of classification or shelving scheme | Damaged status | Not for loan | Collection code | Home library | Current library | Shelving location | Date acquired | Full call number | Barcode | Date last seen | Copy number | Price effective from | Koha item type |
|---|---|---|---|---|---|---|---|---|---|---|---|---|---|---|---|
| Library of Congress Classification | Not For Loan | Non-fiction | Bishop Okullu Memorial Library (Limuru Campus) | Bishop Okullu Memorial Library (Limuru Campus) | Special Collection | 04/12/2023 | SPE BR1443.U33 A73 2022 | 070755 | 04/12/2023 | 1 | 04/12/2023 | Book |